000 00514nam a2200145Ia 4500
008 230917s9999||||xx |||||||||||||| ||und||
040 _e53526
_aMAIN
041 _aEnglish
082 _aB R137C:R
100 _aChoudhary, Valmiki, ed.
245 0 _aDr. Rajendra Prasad: Correspondence and select documents. V5- 1940- 1942; V16- Presidency period, January to December 1953; V17- Presiedency period, January 1954 to December 1955
260 _aNew Delhi
_bAllied Publishers
_c1986
300 _av. p.
942 _cBK
999 _c52105
_d52105